Radiohead Songs by Antonym - Statistics

General Stats
  • This quiz has been taken 80 times
  • The average score is 14 of 29
Answer Stats
Hint Answer % Correct
Me You
95%
Here, Here There, There
94%
Entrance Silence (For A Show) Exit Music (For A Film)
88%
Real Wooden Grass Fake Plastic Trees
85%
No One Can Play Piano Anyone Can Play Guitar
77%
Clothed Nude
74%
Surprise Party! No Surprises
63%
Regular Birds/Note Weird Fishes/Arpeggi
62%
Womanizer Creep
58%
Pull Up Let Down
57%
Off-Road Body (Disappear Abruptly) Street Spirit (Fade Out)
57%
Falling Down The Stairs Climbing Up The Walls
55%
Open Like Giraffes Grazing In a Meadow Packt Like Sardines In a Crushd Tin Box
51%
Consequenceless Criminal Karma Police
49%
Your Real Heart My Iron Lung
48%
Impatient False Hate True Love Waits
48%
Calm Person Paranoid Android
43%
Goodnight Mrs. Netcake Morning Mr. Magpie
42%
Partial Start Ful Stop
37%
Square Rap Pyramid Song
34%
Combiner Separator
32%
Still Image Videotape
31%
Dashboard Airbag
25%
Spiritgivers Bodysnatchers
23%
Including But Not Limited To Just
23%
Die Bloom
9%
Book Codex
8%
Miniavoider Supercollider
8%
The Guardian The Daily Mail
5%
No matching quizzes found
Score Distribution
Percent of People with Each Score
Percentile by Number Answered
Your Score History
You have not taken this quiz